000 00602nam a2200241 i 4500
001 C2-0113853
003 PPAK
005 20180727104412.0
008 970708s1979 enk |||| ||||| | eng d
020 _a0216907233
040 _aPPAK
_beng
_cPPAK
_erda
082 0 4 _a823
_223
090 0 0 _a823
_bDAR
_dG
100 1 _aDarke, Marjorie,
_eauthor
245 1 0 _aKipper skips
264 1 _aLondon :
_bBlackie ,
_c1979
300 _a93 pages ;
_c20 cm
336 _2rdacontent
_atext
337 _2rdamedia
_aunmediated
338 _2rdacarrier
_avolume
650 1 0 _aEnglish fiction
942 _ddc
_cB
999 _c28895
_d28895